|
|
|
|
| LEADER |
02087nam a2200421 i 4500 |
| 001 |
EBC4857728 |
| 003 |
MiAaPQ |
| 005 |
20200520144314.0 |
| 006 |
m o d | |
| 007 |
cr cnu|||||||| |
| 008 |
170531t20172017gw ob 000 0 ger d |
| 020 |
|
|
|z 9783737603041
|
| 020 |
|
|
|a 9783737603058 (e-book)
|
| 035 |
|
|
|a (MiAaPQ)EBC4857728
|
| 035 |
|
|
|a (Au-PeEL)EBL4857728
|
| 035 |
|
|
|a (CaPaEBR)ebr11384417
|
| 035 |
|
|
|a (OCoLC)986538906
|
| 040 |
|
|
|a MiAaPQ
|b eng
|e rda
|e pn
|c MiAaPQ
|d MiAaPQ
|
| 043 |
|
|
|a e-uk---
|
| 050 |
|
4 |
|a HN390
|b .S695 2017
|
| 082 |
0 |
|
|a 361.610941
|2 23
|
| 245 |
0 |
0 |
|a Soziale Rechte und gesellschaftliche Wirklichkeiten :
|b Interdisziplinare Konferenz des Forschungsverbunds fur Sozialrecht und Sozialpolitik (FoSS) der Hochschule Fulda und der Universitat Kassel, 03./04. September 2015 : Tagungsband /
|c Simone Kreher, Felix Welti (Hrsg.).
|
| 264 |
|
1 |
|a Kassel, [Germany] :
|b kassel university press GmbH,
|c 2017.
|
| 264 |
|
4 |
|c 2017
|
| 300 |
|
|
|a 1 online resource (191 pages)
|
| 336 |
|
|
|a text
|2 rdacontent
|
| 337 |
|
|
|a computer
|2 rdamedia
|
| 338 |
|
|
|a online resource
|2 rdacarrier
|
| 504 |
|
|
|a Includes bibliographical references.
|
| 588 |
|
|
|a Description based on online resource; title from PDF title page (ebrary, viewed May 30, 2017).
|
| 590 |
|
|
|a Electronic reproduction. Ann Arbor, MI : ProQuest, 2016. Available via World Wide Web. Access may be limited to ProQuest affiliated libraries.
|
| 651 |
|
0 |
|a Great Britain
|x Social policy.
|
| 655 |
|
4 |
|a Electronic books.
|
| 700 |
1 |
|
|a Kreher, Simone,
|e editor.
|
| 700 |
1 |
|
|a Welti, Felix,
|e editor.
|
| 776 |
0 |
8 |
|i Print version:
|t Soziale Rechte und gesellschaftliche Wirklichkeiten : Interdisziplinare Konferenz des Forschungsverbunds fur Sozialrecht und Sozialpolitik (FoSS) der Hochschule Fulda und der Universitat Kassel, 03./04. September 2015 : Tagungsband.
|d Kassel, [Germany] : kassel university press GmbH, c2017
|h approximately 191 pages
|z 9783737603041
|
| 797 |
2 |
|
|a ProQuest (Firm)
|
| 856 |
4 |
0 |
|u https://ebookcentral.proquest.com/lib/matrademy/detail.action?docID=4857728
|z Click to View
|